| 000 | 00661nam a22001817a 4500 | ||
|---|---|---|---|
| 003 | UA-OsUOA | ||
| 001 | 20121 | ||
| 007 | ta | ||
| 008 | 20041026b un ||||| |||| 00| 0 ukr d | ||
| 100 | _aДергунов О. | ||
| 942 | _cSA | ||
| 040 |
_aUA-OsUOA _cUA-OsUOA _dUA-OsUOA |
||
| 245 |
_aНове життя Вашого даху _b[Про Здолбунів. ТзОВ "Тріада", яке займається буд. послугами, розповідає його дир. О. Дергунов] |
||
| 300 | _aС.13 | ||
| 955 | _a0 | ||
| 773 | 0 |
_w0 _tІмідж _dРівне _d2004 _g№13/верес./ |
|
| 650 | 7 |
_aКраєзнавча робота _2UDC |
|
| 999 |
_c306294 _d306294 |
||